Ιουλιανός : ο θάνατος του αρχαίου κόσμου
Αποθηκεύτηκε σε:
| Κύριος συγγραφέας: | |
|---|---|
| Άλλοι συγγραφείς: | |
| Μορφή: | Βιβλίο |
| Γλώσσα: | Greek French |
| Δημοσίευση: |
Αθήνα :
Α.Α. Λιβάνης,
1995.
|
| Σειρά: | Ιστορικό μυθιστόρημα (Λιβάνη)
|
| Θέματα: | |
| Ετικέτες: |
Προσθήκη ετικέτας
Δεν υπάρχουν, Καταχωρήστε ετικέτα πρώτοι!
|
MARC
| LEADER | 00000cam a2200000 i 4500 | ||
|---|---|---|---|
| 001 | 1/29156 | ||
| 008 | 021112s1995 gr | ||| |||| ||gre|| | ||
| 020 | |a 9602364963 | ||
| 035 | |l 10068747 | ||
| 040 | |a GR-MyUa |b gre |e AACR2 | ||
| 041 | 1 | |a gre |h fre | |
| 082 | 7 | |a 843.914 |2 (22) | |
| 100 | 1 | |a Fouquet, Claude. | |
| 245 | 1 | 0 | |a Ιουλιανός : |b ο θάνατος του αρχαίου κόσμου / |c Claude Fouquet ; μετάφραση: από τα γαλλικά: Ουγουρλόγλου Κλεοπάτρα ; εισαγωγή: του Πιερ Γκριμάλ. |
| 260 | |a Αθήνα : |b Α.Α. Λιβάνης, |c 1995. | ||
| 300 | |a 392 σ. ; |c 23 εκ. | ||
| 490 | 1 | |a (Ιστορικό μυθιστόρημα / Λιβάνη) | |
| 500 | |a Τίτλος πρωτοτύπου: Julien. | ||
| 600 | 0 | 0 | |a Ιουλιανός ο Παραβάτης, |d 331-363. |
| 650 | 0 | |a Historical fiction, French. | |
| 651 | 0 | |a Rome |x History |y Empire, 284-476 |x Fiction. | |
| 700 | 1 | |a Ουγουρλόγλου, Κλεοπάτρα, |e trlf | |
| 830 | 0 | |a Ιστορικό μυθιστόρημα (Λιβάνη) | |
| 852 | |a INST |b LEMNOS |e 20150917 |h 843.914 FOU |p 005600001369 |q 005600001369 |t BK |y 0 | ||
| 852 | |a INST |b RHODES |e 20021112 |h 843.914 FOU |p 005400016083 |q 005400016083 |t BK |y 0 | ||
| 901 | |a BIBL4-2002-3 | ||
| 922 | |a 4ΕΛΗ |b 200210 |c Βιβλιοθήκη |d ΔΕΝΤΡΟ | ||
| 950 | |a 094-2002-10-05 | ||
| 970 | |a Κουλακιώτη |b Λίτσα |z 2002/12/03 | ||